| 000 | 00806nam a2200265 i 4500 | ||
|---|---|---|---|
| 001 | 000030000 | ||
| 003 | DO-SdBNP | ||
| 005 | 20240305141119.0 | ||
| 007 | ta | ||
| 008 | 110428s1997 dr 000 0 spa d | ||
| 040 |
_aDO-SdBNP _bspa _cBNPHU _erda |
||
| 082 | 4 | _222 | |
| 100 | 1 |
_aBatista, León Félix, _d1964- _eautor _912031 |
|
| 245 | 1 | 0 |
_aNegro eterno / _cLeón Félix Batista ; edición, Fredy Mármol |
| 264 |
_aSanto Domingo : _bTaller, _c1997. |
||
| 300 |
_a101 páginas ; _c22 cm. |
||
| 336 |
_2rdacontent _atexto _btxt |
||
| 337 |
_2rdamedia _asin mediación _bn |
||
| 338 |
_2rdacarrier _avolumen _bnc |
||
| 586 | _aAccésit Premio Poesía, Casa de Teatro 1996 | ||
| 590 | _aInventariado, 2023/BT | ||
| 700 |
_aMármol, Freddy, _eedición _984698 |
||
| 910 | _aBtavárez | ||
| 942 |
_2ddc _cLBS1 |
||
| 999 |
_c29492 _d29492 |
||